| 000 | 00403 a2200109 4500 | ||
|---|---|---|---|
| 001 | ART_55660 | ||
| 005 | 20260410162015.0 | ||
| 008 | 260409a | ||
| 245 | 1 | 0 | _aTodo lo que hay que saber sobre funciones jurisdiccionales asignadas y ejercidas por la administración. |
| 100 | 1 | _aRoitman, Facundo J. | |
| 773 | 0 |
_tTemas de derecho administrativo _g- Año 7, N° 4 (abr. 2022) _wREV40468 |
|
| 999 |
_c32606 _d32606 |
||